00688nam a22002052 4500001001100000005001700011008004100028040001500069100003200084245011900116250001300235260003300248300001800281600003200299852001300331908001100344950000600355999001500361952010600376000000970520151217145851.0081119s xx 000 0 eng d aKABUcKABU1 aBurton, Isabel.@000014969714aThe Romance of Isabel Lady Burton :bthe story of her life /ctld in part by herself and in part by W. H. Wilkins. a1st ed. aLondon :bHutchinson,c1898. axvii, 778 p.10aBurton, Isabel.@00001496971 9p500 KES a081119 @1 c3482d3482 00102lcc70aKABUbKABUd2015-12-17l0oG246 .B75A4 c. 1p15562r2015-12-17 00:00:00w2015-12-17yBK